| 000 | 00612nam a2200193 a 4500 | ||
|---|---|---|---|
| 001 | 000010207 | ||
| 005 | 20240412074216.0 | ||
| 008 | 091005s1973 dr a 000 p spa d | ||
| 040 |
_aDO-SdBNP _bspa _cBNPHU |
||
| 082 |
_aRD861. 5 _bH557i |
||
| 100 | 1 |
_aHernández-Mejía, Edgardo _925207 |
|
| 245 | 1 | 0 |
_aImágenes del litoral / _cE. Hernández-Mejía. |
| 260 |
_aSanto Domingo : _bTaller de Impresiones, _c1973. |
||
| 300 |
_a45 p. : _bil. ; _c21 cm. |
||
| 590 | _aInventariado, 2018/LP | ||
| 650 | 0 |
_aPoesía dominicana _966 |
|
| 650 | 0 |
_aLiteratura dominicana. _967 |
|
| 910 | _aValidado. Control de calidad BNPHU | ||
| 999 |
_c9966 _d9966 |
||